| 000 | 00642nam a2200229 a 4500 | ||
|---|---|---|---|
| 999 |
_c4533 _d4533 |
||
| 001 | 4533 | ||
| 003 | BD-JhCC | ||
| 005 | 20171128122936.0 | ||
| 008 | 171128r19401960enk |||| b||| 001 0 eng d | ||
| 035 | _a(BD-JhCC)4533 | ||
| 040 |
_aBD-JhCC _dBD-JhCC |
||
| 041 | _aeng | ||
| 082 |
_a301 _bMAN 1960 |
||
| 100 | _aMannheim, Karl | ||
| 245 |
_aMan and Society : _bIn age of Reconstruction / _cKarl Mannheim. |
||
| 260 |
_aLondon : _bRoutledge & Kegan Paul Ltd., _c1940 [Reprinted 1960] |
||
| 300 |
_axix, 469 p. : _c18 cm. |
||
| 504 | _aIncludes Bibliographical Reference and Index. | ||
| 650 | _aSociety | ||
| 942 |
_2ddc _cBK |
||